000 00719nam a22002177a 4500
003 OSt
005 20140310181911.0
008 130712t xxu||||| |||| 00| 0 eng d
020 _a9781412995702
050 _aLB 1044.87
_b.R521 2011
082 _aTR 005.3
_bW675 1985
245 _aLearning on the blog :
_bcollected posts for educators and parents /
_cWill Richardson
260 _aThousand Oaks :
_bCorwin Press,
_cc2012.
300 _a130 p. :
_c26 cm.
500 _aIncludes index.
520 _a1. Internet in education. 2. Teaching--Aids and devices 3. Blogs 4. Educational technology. 5. Educational change.
521 _aFaculty
541 _j1
562 _e1
942 _2lcc
_cBK-TR
_kTR
999 _c6548
_d6548